01769cam a2200325 i 4500999001700000001000800017003000400025005001700029008004100046010001700087040001800104043001200122050002100134082001400155100004600169245020800215250002700423260007800450300003100528500031500559650004100874650005400915650005400969650005401023650005401077700010601131906004501237942004001282952012101322 c27609d276091767881OSt20170209114125.0761123s1976 ctua 000 0 eng  a 76380369  aDLCcDLCdDLC an-us-ct00aNA730.C8K38 197600a720/.97461 aKeith, Elmer D.q(Elmer Davenport)d1976-10aSome notes on early Connecticut architecture /cby Elmer D. Keith & The nomenclature of rooms in the 17th and 18th century Connecticut house / by Frédéric C. Palmer ; edited by Arthur W. Leibundguth. a2d. ed., rev. and enl. aHartford :bAntiquarian & Landmarks Society, inc., of Connecticut,c1976. ax, 48 p. :bill. ;c23 cm. a"Some notes on early Connecticut architecture ... first published in 1938 by the Prospect Press for the Antiquarian & Landmarks Society, Inc., of Connecticut." "The nomenclature of rooms in the 17th and 18th century Connecticut house ... first published in the Connecticut antiquarian, 15 (July, 1963): 18-20." 0aArchitecture, ColonialzConnecticut. 0aArchitecturezConnecticutxHistoryy17th century. 0aArchitecturexConnecticutxHistoryy18th century. 0aArchitecturezConnecticutxHistoryy19th century. 0aArchitecture, DomesticzConnecticutxTerminology.12aPalmer, Frédéric C.tNomenclature of rooms in the 17th and 18th century Connecticut house.f1976. a7bcbccorignewd2encipf19gy-gencatlg 2lcccBOOKShNA730.C8K38 1976k34877 00102lcc4070aMUCbMUCcGENd2017-02-09eDonation(BFA)l0oNA730.C8K38 1976p34877r2017-02-09w2017-02-09yBOOKS